000 00365 a2200157 4500
001 62721
020 _a
040 _cAnchieta - Pituba
100 _aTânia Miranda
240 1 0 _aMortos e desaparecidos baianos
_lpor
245 1 0 _aMortos e desaparecidos baianos
300 _a80
362 0 _a2007
650 4 _aGovernos autoritaristas / Ditadura
942 _cBK
999 _c62721
_d62721